| 000 | 00422 a2200169 4500 | ||
|---|---|---|---|
| 001 | 191526 | ||
| 020 | _a978-85-16-08166-9 | ||
| 040 | _cMagnum | ||
| 100 | _aRocha, Ruth | ||
| 240 | 1 | 0 |
_aDois idiotas sentados cada qual no seu barril... _lpor |
| 245 | 1 | 0 | _aDois idiotas sentados cada qual no seu barril... |
| 300 | _a31 | ||
| 362 | 0 | _a2012 | |
| 440 | 1 | _aModerna | |
| 697 | _aLITERATURA INFANTO-JUVENIL | ||
| 942 | _cBK | ||
| 999 |
_c191526 _d191526 |
||